000 01068cam a22003257a 4500
003 CHAP
005 20220817042524.0
008 971013s1965 r 00010 d
010 _a47055
011 _a48027
035 _a52171
040 _cCHAP
082 _a301.36
_bV3
100 0 0 _aValencia, Enrique.
_9117453
245 1 3 _aLa Merced
_b: estudio ecológico y social de una zona de la ciudad de México
260 _aMéxico, D.F. :
_bInstituto Nacional de Antropología e Historia,
_c1965
300 _a383 p.
_b: ilus.
490 0 _aSerie Investigaciones
_v; 11
590 _aBATCH-UPD
_b10
_c20130110
_lUCH01
_h1130
590 _aBATCH-UPD
_b10
_c20130410
_lUCH01
_h0719
590 _aBATCH-UPD
_b10
_c20130914
_lUCH01
_h1248
590 _aCONVERSION
_b10
_c20130109
_lUCH01
_h1326
650 1 4 _aEcología humana.
650 1 4 _aMéxico
_xCondiciones sociales.
_976730
650 1 4 _aVida Urbana.
_9119215
830 0 _aSerie Investigaciones
_v; 11
_9104927
901 _aBK
942 _cLIBRO
949 _a301.36 V3
_bBC
_cLIBRO
_d-116353
_eLIBRO
_h17323
_i52171
_si
999 _c47055
_d47055